| 000 | 00367nam a2200145Ia 4500 | ||
|---|---|---|---|
| 008 | 240624s9999 xx 000 0 und d | ||
| 041 | _aeng | ||
| 082 | _a658.81 DON | ||
| 100 | _aDONALDSON BILL | ||
| 245 | _aSALES MANAGEMENT THEORY AND PRACTICE | ||
| 250 | _a(2nd ed.) | ||
| 260 |
_c2007 _aNew York _bPalgrave |
||
| 300 | _axix, : 378 : p. : cm. ; 24 | ||
| 365 | _cBPS | ||
| 999 |
_c6243 _d6243 |
||